000 01962cam a22006014i 4500
003 PE-LiUPU
005 20250731170424.0
008 180820s2011 ag 0 r0 000 0 spa
020 _a9789871848010
020 _a9871848013
035 _a(Sirsi) a249706
040 _aPE-LiUPU
_bspa
_cPE-LiUPU
_erda
049 _aPRUA
082 0 0 _a150.195
_bC43
_220
100 1 _aCeberio, Marcelo R.,
_eautor.
245 1 0 _aDentro y fuera de la caja negra :
_bdesarrollo del modelo sistématico en psicoterapia /
_cMarcelo R. Ceberio y Horacio Arturo Serebrinsky.
250 _a1a edición.
264 _aBuenos Aires:
_bPsicolibro,
_c2011.
300 _a418 páginas ;
_c21 centímetros
336 _atext
_2rdacontent
337 _aunmediated
_2rdamedia
338 _avolume
_2rdacarrier
505 0 _aUna vez fue un suéño -- curriculum de los autores -- psicoterapia: el elogio a la subjetividad -- las clases de terapia -- el modelo sistématico en diferentes areas profesionales en trincheras -- el modelo sistématico en diversos transtornos.
526 _aSEG68
526 _aSEG70
526 _aSEG69
526 _aSEG67
526 _aSEG43
526 _aP144
526 _aP143
526 _aP131
526 _aP122
526 _aP120
526 _aP117
526 _aP112
526 _aP110
526 _aP106
526 _aP101
526 _aP80
526 _aP59
526 _aP54
526 _aP35
526 _aP33
526 _aP30
650 0 4 _aPsicoterapias.
700 1 _aSerebrinsky, Horacio A.,
_eautor.
910 _adbm
_bksl
_cksl
_d20180820
942 _2ddc
_cBOOK
994 _aC0
_bPEPRUE
596 _a1
999 _a150.195 C43
_wDEWEY
_c29236
_i79224
_f2021-11-3
_g4
_lCCODEBUL1
_mBUL
_p53.85
_r0
_sY
_tBOOK
_u2018-8-20
_xSALUD
_zP33
_0COMPRA
_1FCOMPRA
_o.STAFF. Colección Ciencias de la Salud
_d29236
980 _81
_gALBERTO SANCHEZ Responsable de Automatización